Gandhiyute Katha (Record no. 107922)

MARC details
000 -LEADER
fixed length control field 00364nam a2200133Ia 4500
008 - FIXED-LENGTH DATA ELEMENTS--GENERAL INFORMATION
fixed length control field 211119s9999||||xx |||||||||||||| ||und||
082 ## - DEWEY DECIMAL CLASSIFICATION NUMBER
Classification number 954.045
Item number JOS-G
100 ## - MAIN ENTRY--PERSONAL NAME
Personal name Joshi, Umashankar
245 #0 - TITLE STATEMENT
Title Gandhiyute Katha
260 ## - PUBLICATION, DISTRIBUTION, ETC.
Name of publisher, distributor, etc. Lipi Publications
Place of publication, distribution, etc. Kozhikodu
Date of publication, distribution, etc. 2006
300 ## - PHYSICAL DESCRIPTION
Extent 122p
650 ## - SUBJECT ADDED ENTRY--TOPICAL TERM
Topical term or geographic name entry element history
942 ## - ADDED ENTRY ELEMENTS (KOHA)
Koha item type BOOK
650 ## - SUBJECT ADDED ENTRY--TOPICAL TERM
Form subdivision gandhiEconomics
General subdivision PGR-GANDHIAN STUDIES
Holdings
Withdrawn status Lost status Damaged status Not for loan Home library Current library Date acquired Cost, normal purchase price Total Checkouts Full call number Barcode Shelving location Date last seen Price effective from Koha item type
        SB LIBRARY SB LIBRARY 19/11/2021 75.00   954.045 JOS-G 00121339 PGR-GANDHIAN STUDIES 19/11/2021 19/11/2021 BOOK

Powered by Koha